| 000 | 00564nam a22001937a 4500 | ||
|---|---|---|---|
| 003 | OSt | ||
| 005 | 20260120013045.0 | ||
| 008 | 260114b |||||||| |||| 00| 0 eng d | ||
| 020 | _a0395250757 | ||
| 040 |
_aDWCL - Main _cOC |
||
| 082 | _aProf. 001.5 T379 1978 | ||
| 100 |
_aThompson, Wayne N. _eAuthor |
||
| 245 |
_aResponsible and Effective Communication / _cWayne N. Thompson |
||
| 260 |
_aDallas: _bHoughton Mifflin Company, _cc1978. |
||
| 300 |
_a337 p.; _c24 cm. |
||
| 501 | _aIncludes index. | ||
| 650 | _a1. Oral communication. | ||
| 942 |
_2ddc _cPROF. _n0 |
||
| 999 |
_c7380 _d7380 |
||